00383pab a2200133 454500008004000000100002000040245007100060260000900131300001300140362000800153650002400161650003600185773002800221180718b1996 xxu||||| |||| 00| 0 eng d aBrym, Robert J. aThe ethics of self reliance and the spirit of capitalism in Russia c1996 ap.409-26 aDec aCapitalism - Russia aEconomic and social development aInternational Sociology